[Event "Helsinki"]
[Site "Helsinki"]
[Date "1984.??.??"]
[Round "?"]
[White "Rantanen, Yrjo A"]
[Black "Razuvaev, Yuri S"]
[Result "0-1"]
[WhiteElo "2440"]
[BlackElo "2500"]
[PlyCount "64"]
[EventDate "1984.06.??"]
[Source "ChessBase"]

1. e4 e5 2. Bc4 Nf6 3. d3 Nc6 4. Nf3 Bc5 5. Nc3 d6 6. Na4 Bb6 7. c3 Be6 8. Bb5 O-O 9. Bxc6 bxc6 10. Bg5 Qe7 11. O-O h6 12. Bh4 Bc8 13. h3 Qe6 14. Qd2 Nh5 15. Kh2 Nf4 16. Nxb6 axb6 17. Bg3 Nxg2 18. Kxg2 Qxh3+ 19. Kg1 f5 20. exf5 Rxf5 21. Qe3 Be6 22. c4 Raf8 23. Nh2 h5 24. Qe4 Rg5 25. Qe3 Rf4 26. Kh1 h4 27. Rg1 hxg3 28. Rxg3 Rxg3 29. fxg3 c5 30. Kg1 Bd7 31. Rf1 Bc6 32. Rf2 Rg4 0-1

[Event "Vrnjacka Banja"]
[Site "Vrnjacka Banja"]
[Date "1983.??.??"]
[Round "14"]
[White "Radulov, Ivan"]
[Black "Nikolic, Zivoslav"]
[Result "1-0"]
[WhiteElo "2495"]
[BlackElo "2445"]
[PlyCount "42"]
[EventDate "1983.04.??"]
[Source "ChessBase"]

1. e4 Nc6 2. Nf3 e5 3. Bc4 Be7 4. d4 d6 5. dxe5 Nxe5 6. Nxe5 dxe5 7. Qh5 g6 8. Qxe5 Nf6 9. Bh6 Rg8 10. Bg5 Kf8 11. Nc3 c6 12. Rd1 Bd7 13. O-O Kg7 14. Qf4 Kh8 15. Bxf6+ Bxf6 16. Rxd7 Qxd7 17. Qxf6+ Rg7 18. Rd1 Qc7 19. e5 Re8 20. Ne4 Qxe5 21. Qxe5 Rxe5 1-0

[Event "BEL-chT9899"]
[Site "Antwerp"]
[Date "1999.02.??"]
[Round "6"]
[White "Claesen, Pieter"]
[Black "Xie Jun"]
[Result "1/2-1/2"]
[WhiteElo "2407"]
[BlackElo "2532"]
[PlyCount "63"]
[EventDate "1998.10.??"]
[Source "www.chesslib.no"]
[SourceDate "2004.05.04"]

1. e4 e5 2. Bc4 Nf6 3. Nc3 Nc6 4. Nf3 Bc5 5. d3 d6 6. Na4 O-O 7. O-O Bg4 8. c3 a6 9. Nxc5 dxc5 10. h3 Bh5 11. Qe2 Qd6 12. g4 Bg6 13. Nh4 Na5 14. Bb3 Nxb3 15. axb3 Rad8 16. Be3 Qxd3 17. Qxd3 Rxd3 18. Bxc5 Re8 19. f3 Nd7 20. b4 Nxc5 21. bxc5 c6 22. Rad1 Red8 23. Rxd3 Rxd3 24. Rf2 Kf8 25. Rc2 Ke7 26. Kf2 Rd1 27. Ng2 Rh1 28. Kg3 Rg1 29. Kf2 Rh1 30. Kg3 Rg1 31. Kf2 Rh1 32. Kg3 1/2-1/2

[Event "Tbilisi mT"]
[Site "Tbilisi GEO"]
[Date "1979.??.??"]
[Round "?"]
[White "Gipslis, Aivars P"]
[Black "Vorotnikov, Vladislav V"]
[Result "1-0"]
[WhiteElo "2525"]
[BlackElo "2410"]
[PlyCount "91"]
[EventDate "1979.??.??"]
[Source "www.chesslib.no"]
[SourceDate "2004.05.04"]

1. e4 e5 2. Nf3 Nc6 3. Bc4 d6 4. c3 Qe7 5. d4 g6 6. O-O Bg7 7. dxe5 Nxe5 8. Nxe5 Qxe5 9. Be3 Nf6 10. Bd4 Qh5 11. f3 O-O 12. Nd2 Bd7 13. Re1 Bc6 14. Nf1 Qg5 15. Ne3 Nh5 16. Ng4 Nf4 17. g3 Bxd4+ 18. Qxd4 Ne6 19. Bxe6 fxe6 20. h4 Qh5 21. Nf6+ Rxf6 22. Qxf6 Rf8 23. Qxe6+ Kg7 24. Qg4 Qb5 25. Rf1 Qxb2 26. Rac1 Qxa2 27. Rf2 Qa5 28. Qg5 Qxg5 29. hxg5 Re8 30. Ra2 d5 31. exd5 Bxd5 32. Rd2 Bc6 33. Kf2 h6 34. gxh6+ Kxh6 35. Re2 Rd8 36. Re7 Rd3 37. Rf7 g5 38. Ke2 Rd6 39. Rh1+ Kg6 40. Rhh7 Re6+ 41. Kf2 Rd6 42. Rhg7+ Kh6 43. g4 a5 44. Rxc7 Rd3 45. Rge7 Rd6 46. c4 1-0

[Event "Bangalore"]
[Site "Bangalore"]
[Date "1981.??.??"]
[Round "4"]
[White "Kuzmin, Gennadi P"]
[Black "Aaron, Manuel"]
[Result "1-0"]
[WhiteElo "2550"]
[BlackElo "2380"]
[PlyCount "45"]
[EventDate "1981.07.??"]
[Source "ChessBase"]

1. e4 e5 2. Bc4 Nc6 3. Nf3 Bc5 4. O-O d6 5. c3 Bb6 6. h3 Be6 7. Bxe6 fxe6 8. d4 exd4 9. cxd4 e5 10. d5 Nd4 11. Nxd4 Bxd4 12. Nd2 Qh4 13. Nf3 Qf6 14. Qa4+ Kf8 15. Be3 Bb6 16. Rac1 h6 17. Bxb6 cxb6 18. Rc7 g5 19. Nd2 a6 20. Qd7 b5 21. Rfc1 Ne7 22. R1c3 Ng6 23. Rc8+ 1-0

[Event "Plovdiv"]
[Site "Plovdiv"]
[Date "1984.??.??"]
[Round "10"]
[White "Tringov, Georgi P"]
[Black "Donchev, Dimitar I"]
[Result "1-0"]
[WhiteElo "2435"]
[BlackElo "2490"]
[PlyCount "37"]
[EventDate "1984.06.??"]
[Source "ChessBase"]

1. e4 e5 2. Bc4 Nc6 3. Nf3 d6 4. c3 Bg4 5. d3 Qf6 6. Nbd2 Nge7 7. b4 h6 8. a4 a5 9. b5 Nd8 10. h3 Bd7 11. Nf1 Ne6 12. Ne3 Nf4 13. Ng1 Be6 14. g3 Bxc4 15. gxf4 exf4 16. Nxc4 Qxc3+ 17. Bd2 Qxd3 18. Qe2 Qc2 19. Nf3 1-0